000 00502nam a2200169Ia 4500
005 20250424120322.0
008 250424s9999 xx 000 0 und d
022 _a23158301
050 _aH 1 .S25/
245 0 _aSalem Journal of Management and Social Sciences
260 _aKogi State, Nigeria
260 _bSalem University-Lokoja
260 _c2020
300 _avi, 164 p. :ill. ; 28 cm.
650 _aSocial sciences--Nigeria--Periodicals. Management--Nigeria--Periodicals.
942 _cSR
999 _c38632
_d38632